| 000 | 00356nam a2200145 4500 | ||
|---|---|---|---|
| 999 |
_c9486 _d9486 |
||
| 003 | OSt | ||
| 005 | 20210628130325.0 | ||
| 008 | 210628b ||||| |||| 00| 0 eng d | ||
| 020 | _a9788968010743 | ||
| 082 | _a721.822 | ||
| 100 | _aJinyoun no | ||
| 245 | _aArchitectural element : 1. Entrance | ||
| 260 |
_akorea _bDAMDI Publishing House _c2018 |
||
| 942 | _2ddc | ||